Il Duomo di Pisa
Uloženo v:
| Hlavní autor: | |
|---|---|
| Médium: | Kniha |
| Jazyk: | italština |
| Vydáno: |
Florencia
Sadea
1965
|
| Edice: | Forma e Colore. I Grandi Cicli dell'Arte, 28
|
| Témata: | |
| Tagy: |
Přidat tag
Žádné tagy, Buďte první, kdo vytvoří štítek k tomuto záznamu!
|
MARC
| LEADER | 00000nam a2200000 a 4500 | ||
|---|---|---|---|
| 001 | UCK4584 | ||
| 003 | CL-VaPUC | ||
| 008 | 050610e19650000IT |||||||||||||||||ita|d | ||
| 082 | 0 | 4 | |a 726.6 |b SAN |2 21 |
| 100 | 0 | |a Sanpaolesi, Piero |e author |9 493141 | |
| 245 | 1 | 3 | |a Il Duomo di Pisa |
| 300 | |a Pág. Irreg | ||
| 942 | |c BK | ||
| 945 | |d 20050610 00:00:00 |a jcarroza | ||
| 260 | |a Florencia |b Sadea |c 1965 | ||
| 650 | 7 | |a CATEDRALES |2 CL-VaPUC |9 267660 | |
| 650 | 0 | |a Arquitectura religiosa |9 266677 | |
| 650 | 0 | |a Arte religioso |9 330545 | |
| 650 | 0 | |a Arte medieval |9 267894 | |
| 651 | 7 | |a PISA |2 CL-VaPUC |9 332650 | |
| 651 | 0 | |a Italia |9 254949 | |
| 583 | |a last modification |c 20050610 00:00:00 |k Rodrigo Vera | ||
| 490 | 0 | |a Forma e Colore. I Grandi Cicli dell'Arte, 28 | |
| 999 | |c 313411 |d 313409 | ||
| 952 | |0 0 |1 0 |4 0 |6 726_600000000000000_SAN_1965 |7 0 |8 A |9 384740 |a BIBARQ |b BIBARQ |d 2019-11-22 |i 4126998 |o 726.6 SAN 1965 |p 4126998 |r 2025-01-20 |w 2019-11-22 |y BK |k ARQ | ||